Chicken soup for the preteen soul 2 : (Record no. 97)

MARC details
000 -LEADER
fixed length control field 01093cam a22002774a 4500
005 - DATE AND TIME OF LATEST TRANSACTION
control field 20260322212006.0
008 - FIXED-LENGTH DATA ELEMENTS--GENERAL INFORMATION
fixed length control field data
010 ## - LIBRARY OF CONGRESS CONTROL NUMBER
LC control number 2004047450
020 ## - INTERNATIONAL STANDARD BOOK NUMBER
International Standard Book Number 0757301509 (tp)
020 ## - INTERNATIONAL STANDARD BOOK NUMBER
International Standard Book Number 9780757301506 (tp)
040 ## - CATALOGING SOURCE
Original cataloging agency DLC
Transcribing agency DLC
Modifying agency DLC
042 ## - AUTHENTICATION CODE
Authentication code pcc
050 00 - LIBRARY OF CONGRESS CALL NUMBER
Classification number BJ1631
Item number .C4652 2004
082 00 - DEWEY DECIMAL CLASSIFICATION NUMBER
Classification number 158.1/083
Edition information 22
092 ## - LOCALLY ASSIGNED DEWEY CALL NUMBER (OCLC)
Classification number 158.1 C4652 2004
001 - CONTROL NUMBER
control field data
245 10 - TITLE STATEMENT
Title Chicken soup for the preteen soul 2 :
Remainder of title stories about facing challenges, realizing dreams, and making a difference /
Statement of responsibility, etc. Jack Canfield.
246 3# - VARYING FORM OF TITLE
Title proper/short title Chicken soup for the preteen soul two
260 ## - PUBLICATION, DISTRIBUTION, ETC.
Place of publication, distribution, etc. Deerfield Beach, Fla. :
Name of publisher, distributor, etc. Health Communications,
Date of publication, distribution, etc. c2004.
300 ## - PHYSICAL DESCRIPTION
Extent xxiii, 404 p. :
Other physical details ill. ;
Dimensions 22 cm.
650 #0 - SUBJECT ADDED ENTRY--TOPICAL TERM
Topical term or geographic name entry element Preteens
General subdivision Conduct of life
Form subdivision Juvenile literature.
700 1# - ADDED ENTRY--PERSONAL NAME
Personal name Canfield, Jack,
Dates associated with a name 1944-
856 42 - ELECTRONIC LOCATION AND ACCESS
Materials specified Publisher description
Uniform Resource Identifier <a href="http://www.loc.gov/catdir/description/hci051/2004047450.html">http://www.loc.gov/catdir/description/hci051/2004047450.html</a>
856 41 - ELECTRONIC LOCATION AND ACCESS
Materials specified Sample text
Uniform Resource Identifier <a href="http://www.loc.gov/catdir/enhancements/fy0727/2004047450-s.html">http://www.loc.gov/catdir/enhancements/fy0727/2004047450-s.html</a>
856 42 - ELECTRONIC LOCATION AND ACCESS
Materials specified Contributor biographical information
Uniform Resource Identifier <a href="http://www.loc.gov/catdir/enhancements/fy0735/2004047450-b.html">http://www.loc.gov/catdir/enhancements/fy0735/2004047450-b.html</a>
Holdings
Withdrawn status Lost status Damaged status Not for loan Home library Current library Shelving location Date acquired Total checkouts Full call number Barcode Date last seen Price effective from Koha item type
        Franklin Franklin General stacks 22/03/2026   158.1/083 22 BC0010101 22/03/2026 22/03/2026 Books